LEADER 01265nam0 2200313 450 001 000043147 005 20170726132440.0 010 $a978-88-96906-32-3 100 $a20170726d2017----km-y0itaa50------ba 101 0 $aita 102 $aIT 200 1 $a<>esercizio della guerra, i duelli e i giochi cavallereschi$ele premesse della disfida di Barletta e la tradizione militare dei Fieramosca$fa cura di Fulvio Delle donne 210 $aBarletta$cCafagna$d2017 215 $a158 p.$cill.$d21 cm 225 2 $aTracce$v2 410 0$12001$aTracce$v2 606 1 $aCavalleria$yItalia$zSec. 15.-16. 606 $aDuello [e] Tornei$zSec. 13 .-16. 676 $a945.706$v(22. ed.)$9Storia dell'Italia meridionale, 1442-1516 702 1$aDelle Donne,$bFulvio 801 0$aIT$bUniversità della Basilicata - B.I.A.$gREICAT$2unimarc 912 $a000043147 996 $aEsercizio della guerra, i duelli e i giochi cavallereschi$91467893 997 $aUNIBAS BAS $aLETTERE CAT $aMDL$b30$c20170726$lBAS01$h1320 CAT $aMDL$b30$c20170726$lBAS01$h1324 FMT Z30 -1$lBAS01$LBAS01$mBOOK$1BASA1$APolo Storico-Umanistico$2GEN$BCollezione generale$3FM/114999$6114999$5L114999$4Donazione Prof. Delle Donne$820170726$f04$FPrestabile Didattica LEADER 00961cam0 22002531 450 001 SOBE00028914 005 20121203103315.0 100 $a20121203f1990 |||||ita|0103 ba 101 $aita 102 $aIT 200 1 $a<<">>Visto dall'estero" il nuovo codice di procedura penale$equalche sollecitazione per un confronto$fMario Chiavario 210 $aTorino$cUTET$d[1990?] 215 $a182-190 p.$d24 cm 300 $aEstratto da: La legislazione penale, n. 1-2 (1990) 700 1$aChiavario$b, Mario$3AF00003263$4070$0225256 801 0$aIT$bUNISOB$c20121203$gRICA 850 $aUNISOB 852 $aUNISOB$jFondo|Casavola|Opusc$m157943 912 $aSOBE00028914 940 $aM 102 Monografia moderna SBN 941 $aM 957 $aFondo|Casavola|Opusc$b002491$gSI$d157943$hCasavola$rdono$tN$1menle$2UNISOB$3UNISOB$420121203103320.0$520121203103403.0$6menle 996 $aVisto dall'estero" il nuovo codice di procedura penale$91716237 997 $aUNISOB